El barquito / (Registro nro. 7241)

Detalles MARC
000 -LIDER
fixed length control field 00739nam a2200241 a 4500
001 - NÚMERO DE CONTROL
Identificador de número de control 000044170
003 - IDENTIFICACDOR DE NÚMERO DE CONTROL
control field DO-SdBPM
005 - DATE AND TIME OF LATEST TRANSACTION
control field 20250819132312.0
007 - CAMPOS FIJOS DE DESCRIPCIÓN FÍSICA
fixed length control field 000044170
008 - ELEMENTOS DE LONGITUD FIJA
fixed length control field 140603s2003 dr 000 0 spa d
040 ## - FUENTE DE CATALOGACIÓN
Agencia que crea de manera original el registro DO-SdBPM
Idioma de catalogación spa
Agencia que realiza la transcripción BPMSU
082 #4 - NÚMERO DE CLASIFICACIÓN DECIMAL DE DEWEY
Classification number RD862.44
Item number R789b
Edition number 22
100 1# - ASIENTO PRINCIPAL -- NOMBRE PERSONAL
Nombre personal Rosario L. , Nereyda, del
Fechas asociadas con el nombre 1922-
245 13 - MENCIÓN DE TITULO
Título El barquito /
Mención de responsabilidad Nereyda del Rosario L. ; prólogo Luis pérez Casanova.
260 ## - PUBLICACIÓN, DISTRIBUCIÓN, ETC. (PIE DE IMPRENTA)
Lugar de publicación, distribución, etc Santo Domingo :
Nombre del editor, distribuidor, etc. DGIL,
Fecha de publicación, distribución, etc 2003
300 ## - DESCRIPCIÓN FÍSICA
Extensión 82 p. :
Otros detalles físicos il. ;
Dimensiones 22 cm.
590 ## - NOTA LOCAL
Texto de la nota local Inventariado, 2025/VM
650 #4 - ENCABEZAMIENTO DE MATERIA--TEMÁTICO
Término temático o nombre geográfico como elemento de entrada Teatro infantil dominicano
650 #4 - ENCABEZAMIENTO DE MATERIA--TEMÁTICO
Término temático o nombre geográfico como elemento de entrada Literatura infantil dominicana
700 1# - ASIENTO SECUNDARIO -- NOMBRE PERSONAL
Nombre personal pérez Casanova, Luis
Mención de responsabilidad prólogo
910 ## - VALIDACIÓN
Validación VMateo V. Control de calidad BPMSU
942 ## - ADDED ENTRY ELEMENTS (KOHA)
Source of classification or shelving scheme Dewey Decimal Classification
Koha item type Libros
Existencias
Withdrawn status Lost status Source of classification or shelving scheme Damaged status Not for loan Collection code Home library Current library Date acquired Total Checkouts Full call number Barcode Date last seen Copy number Price effective from Koha item type Source of acquisition
    Dewey Decimal Classification     Colección Infantil Dominicana Biblioteca Pública Metropolitana Salomé Ureña Biblioteca Pública Metropolitana Salomé Ureña 01/27/2015   BPMSU CDI RD862.44 R789b BPMSU15040777 01/27/2015 01/27/2015 Libros  
    Dewey Decimal Classification     Colección Infantil Dominicana Biblioteca Pública Metropolitana Salomé Ureña Biblioteca Pública Metropolitana Salomé Ureña 01/27/2015   BPMSU CDI RD862.44 R789b BPMSU15040778 01/27/2015 e.2 01/27/2015 Libros
    Dewey Decimal Classification     Colección Infantil Dominicana Biblioteca Pública Metropolitana Salomé Ureña Biblioteca Pública Metropolitana Salomé Ureña 01/27/2015     BPMSU15040780 01/27/2015 e. 3 01/27/2015 Libros